[Event "World Rapid 2023"]
[Site "Samarkand UZB"]
[Date "2023.12.28"]
[EventDate "2023.12.26"]
[Round "11.27"]
[Result "1/2-1/2"]
[White "Hans Moke Niemann"]
[Black "Shamsiddin Vokhidov"]
[WhiteElo "2667"]
[BlackElo "2596"]
[PlyCount "92"]

1. e4 c5 2. Nf3 e6 3. d4 cxd4 4. Nxd4 Nc6 5. Bf4 d6 6. Nxc6 bxc6 7. c4 Rb8 8.
Qc2 Ne7 9. Nc3 c5 10. Rd1 Nc6 11. Qd2 Nd4 12. Bd3 Be7 13. O-O O-O 14. Be3 a6 15.
f4 Bb7 16. Ne2 Bf6 17. Nxd4 cxd4 18. Bf2 e5 19. fxe5 dxe5 20. b4 Bg5 21. Qe2 Qd7
22. c5 Kh8 23. Bg3 f6 24. Bxa6 Bxa6 25. Qxa6 Rxb4 26. Bxe5 Rc8 27. Bd6 Ra4 28.
Qe2 Qe6 29. e5 Be3+ 30. Kh1 fxe5 31. Qh5 Kg8 32. Rb1 Ra7 33. Bxe5 g6 34. Qh3
Qxh3 35. gxh3 Rf7 36. Rfd1 Ra7 37. Bd6 Rxa2 38. Rb7 Rc2 39. Re7 Rc1 40. Rxc1
Bxc1 41. Re1 Ba3 42. Re5 d3 43. Rd5 Rc6 44. Rxd3 Bxc5 45. Be5 Be7 46. Bc3 1/2-1/2

[Event "World Rapid 2023"]
[Site "Samarkand UZB"]
[Date "2023.12.28"]
[EventDate "2023.12.26"]
[Round "11.28"]
[Result "1-0"]
[White "Sandipan Chanda"]
[Black "Dmitry Bocharov"]
[WhiteElo "2486"]
[BlackElo "2518"]
[PlyCount "62"]

1. d4 Nf6 2. c4 e6 3. Nc3 Bb4 4. e3 O-O 5. Bd2 d5 6. Nf3 b6 7. Rc1 Bb7 8. cxd5
exd5 9. Bd3 Nbd7 10. O-O Be7 11. Qc2 c5 12. Ne5 a6 13. a4 g6 14. f4 Rc8 15. Qb1
cxd4 16. exd4 Ne4 17. Nxe4 Rxc1 18. Nf6+ Nxf6 19. Qxc1 Ne4 20. f5 f6 21. Ng4 Qd7
22. Bh6 Rc8 23. Qe3 Kh8 24. h3 gxf5 25. Nh2 Rg8 26. Nf3 f4 27. Qxf4 Qxh3 28. Ng5
Qh5 29. Bxe4 dxe4 30. Qc7 Qe8 31. Rxf6 1-0

[Event "World Rapid 2023"]
[Site "Samarkand UZB"]
[Date "2023.12.28"]
[EventDate "2023.12.26"]
[Round "11.29"]
[Result "1/2-1/2"]
[White "Aleksandr Shimanov"]
[Black "Mukhiddin Madaminov"]
[WhiteElo "2578"]
[BlackElo "2494"]
[PlyCount "118"]

1. d4 Nf6 2. Bg5 d5 3. e3 c5 4. Bxf6 gxf6 5. dxc5 e6 6. Nf3 Bxc5 7. Be2 O-O 8.
O-O Nc6 9. c4 d4 10. e4 Kh8 11. Ne1 b6 12. Nd3 Ne5 13. Nd2 Bb7 14. a3 a5 15. f4
Nxd3 16. Bxd3 Rg8 17. Qh5 Qf8 18. Rf2 Qg7 19. Re1 a4 20. Ree2 Be7 21. Rf3 Qg4
22. Rh3 Qxh5 23. Rxh5 Rac8 24. Kf1 Rc5 25. Rh3 Ba6 26. Ke1 b5 27. e5 f5 28. cxb5
Bxb5 29. Bxb5 Rxb5 30. b4 axb3 31. Rxb3 Ra5 32. Nf3 Ra4 33. g3 h6 34. Rd2 Rd8
35. Ke2 Kg7 36. Rbd3 Bc5 37. Rc2 Rd5 38. Rcd2 Ba7 39. Rb2 Rc4 40. Ra2 Bb6 41.
Rb3 d3+ 42. Kd1 Be3 43. Ra1 Rc2 44. Rxd3 Rf2 45. Rxd5 exd5 46. Nh4 Rf1+ 47. Ke2
Rxa1 48. Nxf5+ Kg6 49. Nxe3 Rxa3 50. Nxd5 Kf5 51. Nf6 Ra2+ 52. Kf3 Rxh2 53. g4+
Ke6 54. Ke4 Re2+ 55. Kf3 Ra2 56. Ke4 Ra4+ 57. Kf3 Rb4 58. Ke3 Rb1 59. Ke4 1/2-1/2

[Event "World Rapid 2023"]
[Site "Samarkand UZB"]
[Date "2023.12.28"]
[EventDate "2023.12.26"]
[Round "11.30"]
[Result "1-0"]
[White "Shant Sargsyan"]
[Black "Ediz Gurel"]
[WhiteElo "2634"]
[BlackElo "2560"]
[PlyCount "126"]

1. d4 d5 2. c4 c6 3. Nf3 Nf6 4. Nc3 e6 5. Bg5 h6 6. Bxf6 Qxf6 7. e3 Nd7 8. Be2
dxc4 9. O-O g6 10. Ne4 Qe7 11. Ne5 Bg7 12. f4 O-O 13. Bxc4 Nb6 14. Bb3 Bd7 15.
Nc5 Be8 16. Rc1 Nd5 17. Qf3 Rd8 18. Rfd1 b6 19. Ncd3 Rd6 20. a3 g5 21. Nb4 Nxb4
22. axb4 Rd8 23. Rc4 Rd6 24. g3 Bd7 25. Rdc1 Rc8 26. Ba4 gxf4 27. gxf4 Kh8 28.
Nxd7 Rxd7 29. Bxc6 Rdd8 30. b5 Qh4 31. Kh1 Bf6 32. Rg1 Rg8 33. Rg3 Rxg3 34. Qxg3
Rg8 35. Qxh4 Bxh4 36. Rc2 Kg7 37. d5 Rd8 38. e4 Be7 39. Kg2 Bc5 40. Kf3 Kf8 41.
Rd2 Ke7 42. e5 exd5 43. Bxd5 f5 44. Rd3 Bg1 45. Kg2 Bc5 46. Kg3 Rd7 47. Kh4 Bg1
48. Kh3 Bc5 49. Kg3 Rd8 50. b4 Bxb4 51. Kh4 Bc5 52. Kh5 Be3 53. Rxe3 Rxd5 54.
Kg6 Ke6 55. Rc3 Rxb5 56. Rc6+ Kd5 57. Rd6+ Ke4 58. e6 Kxf4 59. Kf6 Rc5 60. e7
Rc8 61. Rd4+ Ke3 62. Rd8 Rc6+ 63. Kxf5 1-0

[Event "World Rapid 2023"]
[Site "Samarkand UZB"]
[Date "2023.12.28"]
[EventDate "2023.12.26"]
[Round "11.31"]
[Result "1/2-1/2"]
[White "Mukhammadali Abdurakhmonov"]
[Black "Maksim Chigaev"]
[WhiteElo "2409"]
[BlackElo "2621"]
[PlyCount "68"]

1. d4 Nf6 2. Bg5 g6 3. Bxf6 exf6 4. g3 d5 5. Bg2 c6 6. e3 h5 7. h4 Bg4 8. Qc1
Nd7 9. Nd2 Nb6 10. a3 Bd6 11. Ngf3 O-O 12. O-O Qe7 13. c4 Nxc4 14. Nxc4 dxc4 15.
Qxc4 a5 16. Rfe1 Kg7 17. e4 Bxf3 18. Bxf3 c5 19. dxc5 Bxc5 20. Kg2 Rac8 21. Qb5
Bd4 22. Rac1 b6 23. Red1 Qe5 24. Qxe5 fxe5 25. b3 Bb2 26. Rxc8 Rxc8 27. Rd6 Bxa3
28. Rxb6 Rc2 29. Rb5 Bc5 30. Be2 Bd4 31. Kf1 Ra2 32. Rb7 Rb2 33. Rb5 Ra2 34. Rb7
Rb2 1/2-1/2

[Event "World Rapid 2023"]
[Site "Samarkand UZB"]
[Date "2023.12.28"]
[EventDate "2023.12.26"]
[Round "11.33"]
[Result "1-0"]
[White "Ter-Sahakyan, Samvel"]
[Black "AR Saleh Salem"]
[WhiteElo "2643"]
[BlackElo "2639"]
[PlyCount "116"]

1. e4 e5 2. Nf3 Nc6 3. Bb5 a6 4. Ba4 Nf6 5. O-O Be7 6. d3 b5 7. Bb3 d6 8. c3 O-O
9. a4 Bd7 10. Bc2 Re8 11. Re1 h6 12. Nbd2 Bf8 13. Nf1 d5 14. exd5 Nxd5 15. Bb3
Nf6 16. axb5 axb5 17. Rxa8 Qxa8 18. Ng3 Bd6 19. Nd2 Na5 20. Ba2 Nb7 21. Bb1 Nc5
22. b4 Na4 23. Nde4 Nxe4 24. Nxe4 Qc6 25. Bd2 Bf8 26. Qf3 Qg6 27. h3 f5 28. Ng3
Bd6 29. c4 c6 30. Bc2 Kh8 31. c5 Bc7 32. Bb3 Kh7 33. Kh1 Bd8 34. Kg1 Bf6 35. Nh5
Bh4 36. d4 e4 37. Qe2 Nb2 38. Nf4 Qf6 39. Bc3 e3 40. g3 Qg5 41. Kh2 Nc4 42. Bxc4
bxc4 43. Qf3 exf2 44. Qxf2 Re4 45. Rxe4 fxe4 46. gxh4 Qf5 47. Qe3 g5 48. hxg5
hxg5 49. Ne2 Kg8 50. Kg2 Be6 51. Bd2 Kh8 52. d5 Bxd5 53. Nc3 Be6 54. Be1 Kh7 55.
Kg1 Kh6 56. Bd2 Qe5 57. h4 Kh7 58. Qxe4+ 1-0

[Event "World Rapid 2023"]
[Site "Samarkand UZB"]
[Date "2023.12.28"]
[EventDate "2023.12.26"]
[Round "11.34"]
[Result "0-1"]
[White "Laurent Fressinet"]
[Black "Andrew Hong"]
[WhiteElo "2637"]
[BlackElo "2539"]
[PlyCount "104"]

1. d4 d5 2. Nf3 Nf6 3. c4 e6 4. Nc3 Bb4 5. cxd5 exd5 6. Bg5 h6 7. Bh4 O-O 8. e3
Bf5 9. Be2 Nbd7 10. Qb3 Bxc3+ 11. Qxc3 g5 12. Bg3 Ne4 13. Qa3 h5 14. h4 g4 15.
Nd2 Nxg3 16. fxg3 Re8 17. O-O Bg6 18. Rac1 c6 19. Rc3 Qe7 20. b4 a6 21. Kh2 Qd6
22. Bd3 Rxe3 23. Rf4 Bxd3 24. Rxd3 Re2 25. Nf1 Rae8 26. Re3 R8xe3 27. Nxe3 Qe6
28. Nf5 Rd2 29. b5 c5 30. bxa6 bxa6 31. Qa5 Rd1 32. Qd8+ Kh7 33. Nd6 f6 34. dxc5
Ne5 35. Qxf6 Qxf6 36. Rxf6 Rc1 37. Rf5 Nd3 38. Rxh5+ Kg6 39. Rg5+ Kh7 40. Rf5
Rxc5 41. Rf1 Rc2 42. Rd1 Nf2 43. Rf1 d4 44. Nf5 d3 45. Ne3 Re2 46. Nd1 Ne4 47.
Rf4 Re1 48. Nb2 d2 49. a3 a5 50. a4 Kh6 51. Rf8 Rb1 52. Nd1 Rxd1 0-1

[Event "World Rapid 2023"]
[Site "Samarkand UZB"]
[Date "2023.12.28"]
[EventDate "2023.12.26"]
[Round "11.35"]
[Result "1/2-1/2"]
[White "Vladislav Kovalev"]
[Black "Sabino Brunello"]
[WhiteElo "2582"]
[BlackElo "2500"]
[PlyCount "96"]

1. e4 e5 2. Nf3 Nf6 3. Nxe5 d6 4. Nf3 Nxe4 5. d4 d5 6. Bd3 Be7 7. O-O Bf5 8. Re1
Nc6 9. Nbd2 Nxd2 10. Qxd2 Bxd3 11. Qxd3 O-O 12. Bf4 Bd6 13. Ng5 g6 14. Qh3 h5
15. Bxd6 Qxd6 16. Qe3 Kg7 17. c3 Qd7 18. h4 Rae8 19. Qf3 Ne7 20. Re5 c6 21. Rae1
Nf5 22. g3 Rxe5 23. dxe5 Re8 24. Qf4 f6 25. exf6+ Kxf6 26. Rxe8 Qxe8 27. Qc7 Qe7
28. Qb8 a6 29. Kf1 Kg7 30. Qc8 Nd6 31. Qb8 Nc4 32. b3 Nd6 33. a4 Nf5 34. Qa7 Kf6
35. Qb8 Kg7 36. Qa7 Kf6 37. Qb6 Qd7 38. b4 d4 39. cxd4 Qxd4 40. Qxb7 Qd1+ 41.
Kg2 Ne3+ 42. fxe3 Qe2+ 43. Kg1 Qe1+ 44. Kg2 Qe2+ 45. Kg1 Qe1+ 46. Kh2 Qe2+ 47.
Kh3 Qf1+ 48. Kh2 Qf2+ 1/2-1/2

[Event "World Rapid 2023"]
[Site "Samarkand UZB"]
[Date "2023.12.28"]
[EventDate "2023.12.26"]
[Round "11.36"]
[Result "1-0"]
[White "Daniel Dardha"]
[Black "Haik M Martirosyan"]
[WhiteElo "2598"]
[BlackElo "2678"]
[PlyCount "148"]

1. Nf3 d5 2. g3 Nc6 3. d4 Bf5 4. Bg2 Nb4 5. Na3 e6 6. O-O Be7 7. Re1 Nf6 8. c3
Nc6 9. Nb1 O-O 10. Bg5 Nd7 11. Bxe7 Nxe7 12. Nbd2 c5 13. e4 Bg4 14. h3 Bh5 15.
exd5 Nxd5 16. Ne4 cxd4 17. Qxd4 Qc7 18. c4 Nb4 19. Qc3 a5 20. Nd4 Rfd8 21. a3
Nc6 22. Nb5 Qb8 23. g4 Bg6 24. Ned6 Nc5 25. Rad1 Na7 26. Nxb7 Rxd1 27. Rxd1 Nxb7
28. Nxa7 Rxa7 29. Qb3 Qc7 30. Bxb7 h5 31. Bf3 hxg4 32. hxg4 a4 33. Qb5 Qf4 34.
Kg2 Re7 35. Rd8+ Kh7 36. Qb8 Qxb8 37. Rxb8 Rc7 38. Rb4 Bc2 39. Be2 Kg6 40. f4
Kf6 41. Rb5 Bb3 42. g5+ Ke7 43. c5 Rd7 44. Bf3 Rd2+ 45. Kg3 Rd3 46. Kf2 Bd5 47.
Bxd5 exd5 48. Rb4 Ke6 49. Ke2 Rh3 50. Kd2 Rh2+ 51. Kc3 Rh3+ 52. Kd4 Rf3 53. Rb6+
Kd7 54. Kxd5 Rxf4 55. Rb7+ Kc8 56. Re7 Kd8 57. Ra7 g6 58. c6 Kc8 59. Kd6 Rd4+
60. Kc5 Rd2 61. Ra8+ Kc7 62. Ra7+ Kc8 63. Rxa4 Rxb2 64. Ra8+ Kc7 65. Ra7+ Kc8
66. Rxf7 Rc2+ 67. Kd6 Rd2+ 68. Ke6 Rc2 69. Kf6 Rxc6+ 70. Kg7 Kd8 71. Rf6 Rc5 72.
Kxg6 Ra5 73. Rf3 Ke7 74. Kh6 1-0

[Event "World Rapid 2023"]
[Site "Samarkand UZB"]
[Date "2023.12.28"]
[EventDate "2023.12.26"]
[Round "11.37"]
[Result "1-0"]
[White "Ortik Nigmatov"]
[Black "Henriquez Villagra, Cristobal"]
[WhiteElo "2439"]
[BlackElo "2607"]
[PlyCount "86"]

1. e4 c6 2. d4 d5 3. e5 c5 4. Nf3 cxd4 5. Qxd4 Nc6 6. Qf4 e6 7. Bd3 Nb4 8. O-O
Nxd3 9. cxd3 Bd7 10. Nc3 h6 11. Nd4 Ne7 12. Be3 a6 13. Rac1 Ng6 14. Qg3 Qh4 15.
Qxh4 Nxh4 16. f4 Ng6 17. Nb3 Ne7 18. Bb6 Nc6 19. Nc5 Bxc5+ 20. Bxc5 Rc8 21. b4
b6 22. Bd6 Nd4 23. Kf2 f6 24. Na4 Rxc1 25. Rxc1 fxe5 26. fxe5 b5 27. Nb6 Nc6 28.
Ke3 g5 29. Rf1 Nd8 30. Bc7 Nc6 31. Bd6 Nd8 32. Rf6 g4 33. Kf4 d4 34. Kxg4 Bc6
35. g3 h5+ 36. Kh4 Bb7 37. a3 Bg2 38. Rf2 Bb7 39. Rc2 Nc6 40. Kg5 Rh7 41. Rf2
Rh8 42. Kg6 Kd8 43. Rf7 1-0

[Event "World Rapid 2023"]
[Site "Samarkand UZB"]
[Date "2023.12.28"]
[EventDate "2023.12.26"]
[Round "11.38"]
[Result "1/2-1/2"]
[White "Robert Hovhannisyan"]
[Black "Rudik Makarian"]
[WhiteElo "2611"]
[BlackElo "2530"]
[PlyCount "104"]

1. e4 c5 2. Nf3 Nc6 3. d4 cxd4 4. Nxd4 Nf6 5. Nc3 d6 6. Bg5 Bd7 7. Qd2 h6 8.
Bxf6 gxf6 9. O-O-O Nxd4 10. Qxd4 Qa5 11. f4 Rc8 12. Kb1 Qc5 13. Qd3 h5 14. Be2
Bg7 15. f5 h4 16. Rhf1 Bh6 17. Nd5 a5 18. Rf3 Ba4 19. b3 Bc6 20. Qd4 Qxd4 21.
Rxd4 Rg8 22. g3 hxg3 23. Rxg3 Rxg3 24. hxg3 Bg5 25. a4 e6 26. Nb6 Be3 27. Nxc8
Bxd4 28. Nxd6+ Ke7 29. Nb5 Be5 30. Bd3 Bxg3 31. c3 Bxb5 32. Bxb5 exf5 33. exf5
Kd6 34. Kc2 Kc5 35. Bc4 Be5 36. Bxf7 Bd6 37. Kb2 Kb6 38. Bd5 Kc7 39. Kc2 b6 40.
Kd3 Be5 41. Kc4 Kb8 42. Be4 Ka7 43. Bf3 Kb8 44. Kd3 Kc7 45. Bg2 Kb8 46. b4 axb4
47. cxb4 Ka7 48. Kc4 Bf4 49. Kd5 Bd2 50. Ke6 b5 51. Kxf6 bxa4 52. b5 1/2-1/2

[Event "World Rapid 2023"]
[Site "Samarkand UZB"]
[Date "2023.12.28"]
[EventDate "2023.12.26"]
[Round "11.39"]
[Result "1/2-1/2"]
[White "Timur Gareyev"]
[Black "Aleksey Grebnev"]
[WhiteElo "2570"]
[BlackElo "2525"]
[PlyCount "248"]

1. d4 Nf6 2. c4 e6 3. Nf3 d5 4. Nc3 c5 5. cxd5 cxd4 6. Qxd4 exd5 7. Bg5 Be7 8.
e3 O-O 9. Bb5 a6 10. Ba4 h6 11. Bh4 Be6 12. O-O Nc6 13. Qd3 Qb6 14. Bb3 Rfd8 15.
Rfd1 Qb4 16. Bxf6 Bxf6 17. Rac1 Qa5 18. h3 g6 19. Qd2 Qb6 20. Na4 Qa7 21. Nc5
Bf5 22. Bxd5 Ne7 23. e4 Nxd5 24. exd5 Kg7 25. g4 Rac8 26. Qe3 b6 27. gxf5 bxc5
28. fxg6 fxg6 29. Rc4 Qd7 30. Ne5 Qf5 31. Ng4 Qg5 32. Qxg5 Bxg5 33. Kg2 h5 34.
Ne5 Bf6 35. Nc6 Re8 36. Rd2 Rc7 37. Rxc5 Rd7 38. b4 Bg5 39. Rdc2 Bf4 40. a4 Bd6
41. Ra5 Bf4 42. Nd4 Kh6 43. Rc6 Re4 44. Nf3 Rxb4 45. Raxa6 Rxd5 46. Rxg6+ Kh7
47. Rgb6 Rxb6 48. Rxb6 Ra5 49. Rb4 Bd6 50. Rd4 Bf8 51. Nd2 Kg6 52. Nc4 Ra6 53.
a5 Kf5 54. Rd5+ Kg6 55. Rb5 Ra8 56. Rb6+ Kf5 57. a6 Ke4 58. Rf6 Bc5 59. Kf1 Kd4
60. Ne3 Rb8 61. Rf5 Ba7 62. Rxh5 Ke4 63. Ng4 Rb1+ 64. Kg2 Ra1 65. Re5+ Kf4 66.
Re6 Ra2 67. Rf6+ Kg5 68. Rc6 Kf4 69. Rd6 Kg5 70. Rc6 Kf4 71. Rd6 Kg5 72. Re6 Kf4
73. Rc6 Kg5 74. Kg3 Ra3+ 75. Kg2 Ra2 76. Kf3 Kh4 77. Ne3 Kg5 78. Rd6 Kh4 79. Rg6
Kh5 80. Rc6 Kh4 81. Ke4 Rxf2 82. Rh6+ Kg3 83. Nf5+ Kg2 84. h4 Kh3 85. Nd6 Ra2
86. Nb5 Bg1 87. Kd5 Be3 88. Re6 Kxh4 89. Nd6 Rxa6 90. Re4+ Kg3 91. Rxe3+ Kf4 92.
Re1 Ra5+ 93. Ke6 Ra6 94. Rf1+ Ke3 95. Kd5 Ra5+ 96. Kc4 Ra4+ 97. Kb3 Ra6 98. Rf6
Ra7 99. Kc3 Ra3+ 100. Kb4 Ra7 101. Nb5 Ra8 102. Re6+ Kd3 103. Nd6 Kd4 104. Re1
Rb8+ 105. Nb5+ Kd3 106. Kc5 Rc8+ 107. Kd5 Rd8+ 108. Nd6 Kd2 109. Re4 Rh8 110.
Rg4 Ke3 111. Rg3+ Kf4 112. Ra3 Rh5+ 113. Kd4 Rh1 114. Rd3 Re1 115. Rd2 Re6 116.
Nf7 Re4+ 117. Kd5 Ra4 118. Nd6 Ke3 119. Rb2 Ra5+ 120. Nb5 Ra8 121. Rb3+ Kf4 122.
Nd6 Ra5+ 123. Kd4 Ra4+ 124. Nc4 Ra8 1/2-1/2

[Event "World Rapid 2023"]
[Site "Samarkand UZB"]
[Date "2023.12.28"]
[EventDate "2023.12.26"]
[Round "11.40"]
[Result "1-0"]
[White "Alisher Suleymenov"]
[Black "Raunak Sadhwani"]
[WhiteElo "2513"]
[BlackElo "2654"]
[PlyCount "64"]

1. d4 Nf6 2. c4 e6 3. Nf3 b6 4. a3 Bb7 5. Nc3 d5 6. cxd5 Nxd5 7. Qc2 Nxc3 8.
bxc3 Be7 9. e4 O-O 10. Bd3 c5 11. O-O cxd4 12. cxd4 Nd7 13. Bb2 Rc8 14. Qe2 Rc7
15. Rad1 Qa8 16. Bb1 Re8 17. Rfe1 Nf6 18. Qd3 Qc8 19. Qe3 b5 20. Qf4 Rd8 21. d5
exd5 22. Bxf6 Bxf6 23. e5 Be7 24. Bf5 Qb8 25. e6 f6 26. Qg4 Bc5 27. Nd4 Re7 28.
Rd3 Bxd4 29. Qxd4 g6 30. Qxf6 Qd6 31. Bxg6 hxg6 32. Rg3 1-0

[Event "World Rapid 2023"]
[Site "Samarkand UZB"]
[Date "2023.12.28"]
[EventDate "2023.12.26"]
[Round "11.41"]
[Result "1/2-1/2"]
[White "Savva Vetokhin"]
[Black "David Paravyan"]
[WhiteElo "2396"]
[BlackElo "2612"]
[PlyCount "116"]

1. d4 d5 2. c4 dxc4 3. e3 Nf6 4. Bxc4 e6 5. Nf3 c5 6. O-O Nc6 7. dxc5 Qxd1 8.
Rxd1 Bxc5 9. Nbd2 O-O 10. b3 b6 11. Bb2 Bb7 12. Rac1 Rfd8 13. a3 Rac8 14. b4 Be7
15. Be2 Kf8 16. Kf1 h6 17. Nb3 Rxd1+ 18. Rxd1 Nd5 19. Rc1 g5 20. Nfd2 Bf6 21.
Bxf6 Nxf6 22. Nf3 Ke7 23. Nbd4 Nxd4 24. Rxc8 Bxc8 25. Nxd4 Bd7 26. Bc4 Ne4 27.
Bd3 Nd6 28. f4 f5 29. Nf3 Kf6 30. Ne5 Be8 31. Ke2 h5 32. g3 h4 33. gxh4 gxh4 34.
Kd2 a5 35. bxa5 bxa5 36. Nf3 Bb5 37. Bxb5 Nxb5 38. a4 Nc7 39. Nxh4 Nd5 40. Nf3
Nb6 41. Nd4 Nxa4 42. Nc6 Nc5 43. Nxa5 e5 44. Ke2 Ne6 45. Kf3 exf4 46. exf4 Nd4+
47. Ke3 Nc2+ 48. Kf2 Nd4 49. Nc4 Kg6 50. Ke3 Nc2+ 51. Kd3 Ne1+ 52. Ke2 Nc2 53.
Ne3 Nd4+ 54. Kd3 Nf3 55. Nf1 Kh5 56. Ke3 Nh4 57. h3 Ng2+ 58. Kf3 Nxf4 1/2-1/2

[Event "World Rapid 2023"]
[Site "Samarkand UZB"]
[Date "2023.12.28"]
[EventDate "2023.12.26"]
[Round "11.42"]
[Result "0-1"]
[White "Evgeniy Najer"]
[Black "Anton Smirnov"]
[WhiteElo "2663"]
[BlackElo "2586"]
[PlyCount "96"]

1. e4 e5 2. Nf3 Nf6 3. Nxe5 d6 4. Nd3 Nxe4 5. Qe2 Qe7 6. Nf4 Nf6 7. d4 d5 8. h4
Bf5 9. c3 h5 10. f3 Nbd7 11. Kf2 O-O-O 12. Qxe7 Bxe7 13. Bd3 Bxd3 14. Nxd3 Rde8
15. Bf4 Bd8 16. a4 Re6 17. Na3 Rhe8 18. Rhe1 Rxe1 19. Nxe1 Ng8 20. g3 Ne7 21.
Nd3 Nf5 22. Nc2 g6 23. b4 a6 24. b5 a5 25. Ra2 b6 26. Ra1 Kb7 27. Rd1 Be7 28.
Re1 Rc8 29. Ne3 Nxe3 30. Kxe3 c6 31. Kd2 Bf8 32. g4 cxb5 33. axb5 hxg4 34. fxg4
Nf6 35. Nf2 Rxc3 36. g5 Bb4 37. Re3 Rc8+ 38. Kd1 Nh5 39. Be5 a4 40. Nd3 Rc3 41.
Rf3 Kc8 42. Ke2 Ba5 43. Rxf7 a3 44. Rf1 Rc2+ 45. Ke3 a2 46. Bd6 Bd2+ 47. Kf3 Bc1
48. Kg4 a1=Q 0-1

[Event "World Rapid 2023"]
[Site "Samarkand UZB"]
[Date "2023.12.28"]
[EventDate "2023.12.26"]
[Round "11.43"]
[Result "1-0"]
[White "Alan Pichot"]
[Black "Mukhammadzokhid Suyarov"]
[WhiteElo "2651"]
[BlackElo "2359"]
[PlyCount "32"]

1. e4 e5 2. Nf3 Nf6 3. d4 Nxe4 4. dxe5 Bc5 5. Bc4 Nxf2 6. Bxf7+ Kxf7 7. Qd5+ Kg6
8. Qxc5 Nxh1 9. Nc3 h6 10. Qc4 Kh7 11. Nd5 Rf8 12. Qe4+ Kh8 13. Bxh6 gxh6 14.
Qg6 Qe8 15. Qxh6+ Kg8 16. O-O-O 1-0

[Event "World Rapid 2023"]
[Site "Samarkand UZB"]
[Date "2023.12.28"]
[EventDate "2023.12.26"]
[Round "11.44"]
[Result "1-0"]
[White "Sanan Sjugirov"]
[Black "Matvey Galchenko"]
[WhiteElo "2703"]
[BlackElo "2438"]
[PlyCount "94"]

1. Nf3 c5 2. e3 Nf6 3. b3 g6 4. Bb2 Bg7 5. c4 O-O 6. Be2 b6 7. O-O Bb7 8. d4
cxd4 9. Nxd4 d5 10. Nd2 Nc6 11. N2f3 Nxd4 12. Bxd4 dxc4 13. Bxc4 Ne4 14. Bxg7
Kxg7 15. Qc2 Qd6 16. Rad1 Qf6 17. Rd4 Nd6 18. Rf4 Nf5 19. Nh4 e6 20. Rd1 Rfd8
21. Nxf5+ gxf5 22. Rfd4 Rxd4 23. Rxd4 Rc8 24. Qd1 Bc6 25. a4 Qg5 26. g3 Qf6 27.
Be2 h6 28. h4 Bd5 29. Bf3 Bxf3 30. Qxf3 Rd8 31. Rc4 Qa1+ 32. Kg2 Qe5 33. e4 fxe4
34. Rxe4 Qd5 35. Kh2 f5 36. Qc3+ Kf7 37. Rc4 Rd7 38. Qh8 Qd2 39. Rf4 Qd1 40.
Qh7+ Ke8 41. Qg6+ Ke7 42. Rc4 Qd6 43. Qxh6 Qe5 44. Qg5+ Qf6 45. Qg8 Qb2 46. Kg2
Qxb3 47. Qg7+ 1-0

[Event "World Rapid 2023"]
[Site "Samarkand UZB"]
[Date "2023.12.28"]
[EventDate "2023.12.26"]
[Round "11.45"]
[Result "0-1"]
[White "Boris Savchenko"]
[Black "Guha Mitrabha"]
[WhiteElo "2505"]
[BlackElo "2508"]
[PlyCount "44"]

1. e4 c6 2. d4 d5 3. f3 e6 4. Nc3 Bb4 5. Bf4 Ne7 6. Ne2 b6 7. Qd2 Ba6 8. O-O-O
Nd7 9. a3 Bxc3 10. Nxc3 Bxf1 11. Rhxf1 b5 12. Bg5 Nb6 13. exd5 Nc4 14. Bxe7 Qxe7
15. Qf4 b4 16. d6 Nxd6 17. axb4 Nc4 18. Na2 a5 19. b3 axb4 20. bxc4 O-O 21. Kb2
Qa7 22. Rd3 Qxa2+ 0-1

[Event "World Rapid 2023"]
[Site "Samarkand UZB"]
[Date "2023.12.28"]
[EventDate "2023.12.26"]
[Round "11.46"]
[Result "1/2-1/2"]
[White "Conrad Holt"]
[Black "Mittal Aditya"]
[WhiteElo "2540"]
[BlackElo "2595"]
[PlyCount "154"]

1. d4 Nf6 2. c4 e6 3. Nc3 Bb4 4. Qc2 O-O 5. e4 d5 6. e5 Ne4 7. Bd3 c5 8. Nf3
cxd4 9. Nxd4 Nd7 10. Bf4 Qh4 11. g3 Qh5 12. cxd5 exd5 13. f3 Bxc3+ 14. bxc3 Nec5
15. g4 Nxd3+ 16. Qxd3 Nc5 17. Qb5 Qh4+ 18. Bg3 Qe7 19. O-O Bd7 20. Nf5 Bxf5 21.
gxf5 Rac8 22. Rad1 Rfd8 23. Rfe1 Qg5 24. e6 Qxf5 25. e7 Re8 26. Re5 Qxf3 27.
Rdxd5 Ne6 28. Rd7 Qxc3 29. Qxb7 Qc1+ 30. Re1 Qc5+ 31. Kh1 h5 32. a4 a5 33. Rf1
Qc4 34. Qf3 Ng5 35. Qf5 g6 36. Qd3 Qxa4 37. Rd8 Qc6+ 38. Qd5 Qxd5+ 39. Rxd5 Ne4
40. Bh4 f5 41. Rxa5 Kf7 42. Ra4 Nd2 43. Rf2 Rc4 44. Rxc4 Nxc4 45. Ra2 Ne5 46.
Kg2 Nc6 47. Ra6 Rc8 48. Bg5 Rc7 49. Bf4 Rc8 50. Bg5 Nxe7 51. Ra7 Re8 52. Kf3 Kf8
53. Ra6 Nd5 54. Rxg6 Rb8 55. Rd6 Rb3+ 56. Kf2 Nc3 57. Bh6+ Kf7 58. Rc6 Ne4+ 59.
Kg2 h4 60. h3 Rg3+ 61. Kh2 Rf3 62. Kg2 Rf2+ 63. Kg1 Ra2 64. Rb6 Rc2 65. Ra6 Nf2
66. Kg2 Ng4+ 67. Kg1 Ne5 68. Kf1 Rc3 69. Bg5 Nf3 70. Bd8 Ke8 71. Ra8 Kd7 72. Kf2
Ke6 73. Ra6+ Kd5 74. Ra4 Rd3 75. Bxh4 Nd4 76. Bf6 f4 77. Rxd4+ Rxd4 1/2-1/2

[Event "World Rapid 2023"]
[Site "Samarkand UZB"]
[Date "2023.12.28"]
[EventDate "2023.12.26"]
[Round "11.47"]
[Result "0-1"]
[White "Haowen Xue"]
[Black "Yuriy Kuzubov"]
[WhiteElo "2455"]
[BlackElo "2613"]
[PlyCount "96"]

1. d4 Nf6 2. Nf3 e6 3. g3 b5 4. Bg2 Bb7 5. O-O Be7 6. Bg5 d5 7. a4 b4 8. a5 O-O
9. c4 bxc3 10. Nxc3 Na6 11. Ne5 h6 12. Bf4 Nd7 13. Qa4 Nxe5 14. Bxe5 Rb8 15.
Rfc1 Ba8 16. Nb5 c6 17. Nxa7 Rb4 18. Qc2 c5 19. dxc5 Qd7 20. Qc3 f6 21. Qe3 fxe5
22. c6 Qc7 23. Bh3 Rf6 24. Qd3 Qxa7 25. Bxe6+ Rxe6 26. Qxd5 Nc7 27. Qa2 Kh8 28.
a6 Rf6 29. e3 Bxc6 30. Rxc6 Rxc6 31. Qf7 Bf6 32. Qf8+ Kh7 33. Qxb4 Rxa6 34. Qe4+
g6 35. Rf1 Ra1 36. b4 Rxf1+ 37. Kxf1 Qb6 38. h4 Kg7 39. Kg1 Qb5 40. h5 gxh5 41.
Qf5 Qxb4 42. Qxh5 Qb1+ 43. Kg2 Qe4+ 44. Kg1 Ne6 45. Qe8 Qd5 46. e4 Qd6 47. Qc8
Ng5 48. Qf5 Qe6 0-1

[Event "World Rapid 2023"]
[Site "Samarkand UZB"]
[Date "2023.12.28"]
[EventDate "2023.12.26"]
[Round "11.49"]
[Result "0-1"]
[White "Iturrizaga Bonelli, Eduardo"]
[Black "Denis Makhnev"]
[WhiteElo "2600"]
[BlackElo "2486"]
[PlyCount "130"]

1. c4 e5 2. g3 c6 3. d4 e4 4. d5 Bb4+ 5. Bd2 Bxd2+ 6. Nxd2 Nf6 7. Bg2 cxd5 8.
cxd5 e3 9. fxe3 d6 10. e4 O-O 11. Qa4 Qb6 12. Ngf3 Qxb2 13. Rb1 Qc3 14. Qd4 Qxd4
15. Nxd4 Na6 16. O-O Nc5 17. Rfc1 b6 18. Nb5 Rd8 19. Nc7 Rb8 20. e5 Ng4 21. exd6
Bf5 22. e4 Bg6 23. Nb5 Rb7 24. Nd4 Rbd7 25. Nc6 Re8 26. Ne7+ Kh8 27. Bh3 h5 28.
Bxg4 hxg4 29. Nxg6+ fxg6 30. Rb4 Nd3 31. Rc7 Rxc7 32. dxc7 Nxb4 33. d6 Na6 34.
d7 Nxc7 35. dxe8=Q+ Nxe8 36. Kf2 Kg8 37. Nc4 Kf7 38. Ne5+ Kf6 39. Nxg4+ Ke6 40.
Ke3 Nf6 41. Nf2 Nd7 42. Nd3 Ne5 43. Nf4+ Kd6 44. h4 b5 45. Kd4 a5 46. a3 g5 47.
hxg5 Nf3+ 48. Ke3 Nxg5 49. Nd5 Ne6 50. Kd3 Ke5 51. Ne7 Nc5+ 52. Ke3 Nxe4 53.
Nc6+ Kd5 54. Nxa5 Nxg3 55. Nb3 Nf5+ 56. Kd3 g5 57. Nd2 Nd6 58. Nf3 g4 59. Nd4 g3
60. Ne2 Nf5 61. Nc3+ Kc5 62. Ne4+ Kb6 63. Nd2 Ka5 64. Kc3 Ka4 65. Kb2 Nd4 0-1

[Event "World Rapid 2023"]
[Site "Samarkand UZB"]
[Date "2023.12.28"]
[EventDate "2023.12.26"]
[Round "11.50"]
[Result "1-0"]
[White "M Amin Tabatabaei"]
[Black "Chongsheng Zeng"]
[WhiteElo "2692"]
[BlackElo "2577"]
[PlyCount "58"]

1. e4 c5 2. Nf3 d6 3. d4 cxd4 4. Nxd4 Nf6 5. Nc3 a6 6. f4 e5 7. Nf3 Nbd7 8. a4
Be7 9. Bc4 O-O 10. O-O exf4 11. Bxf4 Qb6+ 12. Nd4 Ne5 13. Nd5 Nxd5 14. Bxd5 Qxb2
15. Rb1 Qc3 16. Rb3 Qc5 17. Kh1 Bg4 18. Qd2 Nc4 19. Qf2 Bf6 20. Qg3 h5 21. h3
Bc8 22. Rc3 h4 23. Qf3 Nd2 24. Bxd2 Qxd4 25. Rd3 Qxa4 26. Bc3 Qxc2 27. Bxf6 gxf6
28. Qxf6 Qxd3 29. Bxf7+ 1-0

[Event "World Rapid 2023"]
[Site "Samarkand UZB"]
[Date "2023.12.28"]
[EventDate "2023.12.26"]
[Round "11.51"]
[Result "1-0"]
[White "Aryan Tari"]
[Black "Roman Kezin"]
[WhiteElo "2623"]
[BlackElo "2502"]
[PlyCount "108"]

1. e4 c5 2. Nf3 e6 3. d4 cxd4 4. Nxd4 Nc6 5. Bf4 d6 6. Nxc6 bxc6 7. c4 e5 8. Be3
Nf6 9. Nc3 Be7 10. Be2 O-O 11. O-O a5 12. b3 Be6 13. Bf3 h6 14. Rc1 Qb8 15. h3
Nh7 16. c5 dxc5 17. Na4 Rd8 18. Qe2 Ng5 19. Bxc5 Bxc5 20. Nxc5 Qb4 21. Rc2 Rd4
22. h4 Nxf3+ 23. Qxf3 Re8 24. Rfc1 Bc8 25. Nd3 Qb5 26. Nb2 Bd7 27. Rc5 Qb4 28.
Nd3 Qd2 29. R1c3 Qxa2 30. Nxe5 Be6 31. Nxc6 Rd2 32. Nxa5 Re2 33. Rc1 Rd8 34. Nc4
Rc2 35. Ne3 Rxc5 36. Rxc5 Qxb3 37. Kh2 Rd2 38. Qf4 Qb2 39. Kg3 Rd3 40. h5 Qb4
41. Rc1 Qb5 42. Rh1 Kh7 43. f3 Qc5 44. Ng4 Qa5 45. Ne5 Rd2 46. Ng4 Qa2 47. Ne3
Re2 48. e5 Qd2 49. Qe4+ Kg8 50. Ra1 g5 51. Ra8+ Kg7 52. Ra7 Rxe3 53. Qg6+ Kf8
54. Qxh6+ 1-0